Southville International School and Colleges
Your cart is empty.
  • Cart
  • Lists
    Public lists Eva Luna New books Lux_list list_1
    Your lists Log in to create your own lists
  • Log in to your account
  • Your cookies
  • Search history
Southville International School and Colleges
  • Advanced search
  • Recent comments
  • Most popular
  • Libraries

Log in to your account

Log in with GOOGLE


If you do not have an external account, but do have a local account, you can still log in:

  1. Home
  2. MARC view: There was an old man from . . :
Normal view MARC view ISBD view

There was an old man from . . : (Record no. 110385)

[ view plain ]
MARC details
000 -LEADER
fixed length control field 00544nam a2200169 a 4500
001 - CONTROL NUMBER
control field 0258
005 - DATE AND TIME OF LATEST TRANSACTION
control field 20140414131855.0
008 - FIXED-LENGTH DATA ELEMENTS--GENERAL INFORMATION
fixed length control field 040902s19uu xx 00 eng d
020 ## - INTERNATIONAL STANDARD BOOK NUMBER
International Standard Book Number 187671109-4
050 ## - LIBRARY OF CONGRESS CALL NUMBER
Classification number M 808.81
Item number C81 1999
100 ## - MAIN ENTRY--PERSONAL NAME
Personal name Cornwell, Allan
245 ## - TITLE STATEMENT
Title There was an old man from . . :
Remainder of title a collection of loony limericks /
Statement of responsibility, etc compiled by Allan Cornwell ; illustrated by Jiri Tibor Novak.
260 ## - PUBLICATION, DISTRIBUTION, ETC. (IMPRINT)
Place of publication, distribution, etc Australia :
Name of publisher, distributor, etc Allan Cornwell,
Date of publication, distribution, etc 1999.
300 ## - PHYSICAL DESCRIPTION
Extent 63 p. : ill. ; cm.
650 ## - SUBJECT ADDED ENTRY--TOPICAL TERM
Topical term or geographic name as entry element Collection of poetry.
Holdings
Withdrawn status Lost status Damaged status Use restrictions Home library Current library Shelving location Date acquired Source of acquisition Total Checkouts Full call number Barcode Date last seen Price effective from Koha item type
        Munich Library Munich Library Main Section 09/02/2004     M 808.81 C81 1999 M0778 04/14/2014 04/14/2014 Books

There was an old man from . . :

APA

Cornwell A., . (1999). There was an old man from. Australia: Allan Cornwell.

Chicago

Cornwell Allan, . 1999. There was an old man from. Australia: Allan Cornwell.

Harvard

Cornwell A., . (1999). There was an old man from. Australia: Allan Cornwell.

MLA

Cornwell Allan, . There was an old man from. Australia: Allan Cornwell. 1999.

  • Place hold
  • Print
  • Cite
  • Add to your cart (remove)
  • Save record
    BIBTEX Dublin Core MARCXML MARC (non-Unicode/MARC-8) MARC (Unicode/UTF-8) MARC (Unicode/UTF-8, Standard) MODS (XML) RIS
  • More searches
    Search for this title in:
    Other Libraries (WorldCat) Other Databases (Google Scholar) Online Stores (Bookfinder.com) Open Library (openlibrary.org)

Exporting to Dublin Core...

SOUTHVILLE LIBRARY

Southville International School and Colleges Library

1281 Tropical Ave. Cor. Luxembourg St., BF Homes International, Las Pinas City

Tel. No. 8256374 / 252358 Loc. 117/146

Powered by Koha